Ihnasya El-Medina (Herakleopolis Magna) : its importance and its role in pharaonic history /
المؤلف الرئيسي:
التنسيق: كتاب
اللغة: English
منشور في:
Le Caire :
Institut francais d'archeologie orientale du Caire,
1983.
سلاسل:
Bibliotheque d'Etude ;
40.
BDE ;
40.
الموضوعات:
الوسوم: إضافة وسم
رقم الطلب: DT57 .C18 v.40
| LEADER | 01130cam a2200313Ma 4500 | ||
|---|---|---|---|
| 001 | ocn224035303 | ||
| 003 | OSt | ||
| 005 | 20260427090446.0 | ||
| 008 | 860403s1983 ua abf b 001 0 eng d | ||
| 010 | |a 85960339 | ||
| 040 | |c ARCE Library | ||
| 043 | |a f-ua--- | ||
| 050 | 4 | |a DT57 .C18 v.40 | |
| 100 | 1 | |a Mukhtar, Muhammad Jamal al-Din, |d 1918- | |
| 245 | 1 | 0 | |a Ihnasya El-Medina (Herakleopolis Magna) : |b its importance and its role in pharaonic history / |c Mohamed Gamal el-Din Mokhtar. |
| 264 | 1 | |a Le Caire : |b Institut francais d'archeologie orientale du Caire, |c 1983. | |
| 300 | |a xx, 210 pages, xxvii pages of paltes : |b illustrations, maps. |c 28 cm. | ||
| 490 | 1 | |a Bibliotheque d'Etude ; |v 40. | |
| 490 | 1 | |a BDE ; |v 40. | |
| 504 | |a Includes bibliographical references and indexes. | ||
| 651 | 0 | |a Heracleopolis Magna (Extinct city) | |
| 651 | 0 | |a Heracleopolis Magna (Extinct city) |x Religion. | |
| 651 | 0 | |a Heracleopolis Magna (Extinct city) |x History. | |
| 651 | 0 | |a Egypt |x Antiquities. | |
| 830 | 0 | |a Bibliotheque d'Etude ; |v 40. | |
| 830 | 0 | |a BDE ; |v 40. | |
| 901 | |a reviewed | ||
| 942 | |2 lcc |c BK | ||
| 999 | |c 56887 |d 56887 | ||
